000 00295 a2200121 4500
001 146906
040 _cEscola São Tomás de Aquino
100 _aBANDEIRA, Pedro
240 1 0 _aChapeuzinho e o lobo mau
_lpor
245 1 0 _aChapeuzinho e o lobo mau
697 _a*LITERATURA INFANTO
942 _cBK
999 _c146906
_d146906